[Event "46th Greek Team Championship"]
[Site "chess24.com"]
[Date "2018.07.10"]
[Round "1"]
[White "Goumas, Georgios"]
[Black "Sandalakis, Nikolaos"]
[Result "1-0"]
[Board "3"]
[WhiteElo "2384"]
[WhiteTitle "FM"]
[WhiteCountry "GRE"]
[WhiteFideId "4208935"]
[WhiteEloChange "5"]
[BlackElo "2209"]
[BlackCountry "GRE"]
[BlackFideId "4222890"]
[BlackEloChange "-5"]

1. d4 {[%clk 1:30:53]} Nf6 {[%clk 1:30:39]} 2. c4 {[%clk 1:30:44]} e6 {[%clk
1:31:04]} 3. Nc3 {[%clk 1:31:01]} Bb4 {[%clk 1:30:58]} 4. e3 {[%clk 1:31:12]} O-O
{[%clk 1:28:12]} 5. Ne2 {[%clk 1:30:53]} c6 {[%clk 1:26:16]} 6. a3 {[%clk
1:31:03]} Ba5 {[%clk 1:26:16]} 7. c5 {[%clk 1:31:10]} Re8 {[%clk 1:05:18]} 8. g3
{[%clk 1:30:12]} d6 {[%clk 0:56:16]} 9. cxd6 {[%clk 1:30:22]} Qxd6 {[%clk
0:56:13]} 10. b4 {[%clk 1:30:44]} Bb6 {[%clk 0:51:14]} 11. Bb2 {[%clk 1:22:16]}
a5 {[%clk 0:43:19]} 12. b5 {[%clk 1:22:15]} cxb5 {[%clk 0:41:41]} 13. Bg2 {[%clk
1:22:30]} Bd7 {[%clk 0:39:27]} 14. O-O {[%clk 1:22:12]} Na6 {[%clk 0:23:36]} 15.
e4 {[%clk 1:18:28]} Qb8 {[%clk 0:20:05]} 16. e5 {[%clk 1:15:30]} b4 {[%clk
0:18:07]} 17. exf6 {[%clk 1:11:51]} bxc3 {[%clk 0:18:33]} 18. Nxc3 {[%clk
1:11:23]} Bc6 {[%clk 0:12:49]} 19. d5 {[%clk 1:04:56]} exd5 {[%clk 0:08:54]} 20.
Nxd5 {[%clk 1:04:53]} Bxd5 {[%clk 0:06:46]} 21. Bxd5 {[%clk 1:05:09]} Nc5 {[%clk
0:01:25]} 22. Bxf7+ {[%clk 1:00:49]} Kxf7 {[%clk 0:01:42]} 23. Qh5+ {[%clk
1:01:13]} Kg8 {[%clk 0:00:32]} 24. f7+ {[%clk 1:01:25]} Kh8 {[%clk 0:01:00]} 25.
Qh6 {[%clk 0:58:04]} Re5 {[%clk 0:00:38]} 26. Bxe5 {[%clk 0:58:14]} Qxe5 {[%clk
0:01:00]} 27. Qxb6 {[%clk 0:58:34]} 1-0

[Event "46th Greek Team Championship"]
[Site "chess24.com"]
[Date "2018.07.10"]
[Round "1"]
[White "Gkaripis, Marios Ilias"]
[Black "Merkos, Thomas"]
[Result "0-1"]
[Board "10"]
[WhiteElo "1374"]
[WhiteCountry "GRE"]
[WhiteFideId "25825801"]
[WhiteEloChange "-9"]
[BlackElo "1425"]
[BlackCountry "GRE"]
[BlackFideId "25806483"]
[BlackEloChange "9"]

1. d4 {[%clk 1:30:57]} Nf6 {[%clk 1:30:55]} 2. c4 {[%clk 1:31:20]} e6 {[%clk
1:31:22]} 3. Nc3 {[%clk 1:31:22]} Bb4 {[%clk 1:31:46]} 4. e3 {[%clk 1:31:00]} O-O
{[%clk 1:32:00]} 5. Nf3 {[%clk 1:30:44]} d5 {[%clk 1:31:52]} 6. a3 {[%clk
1:29:57]} Bxc3+ {[%clk 1:31:39]} 7. bxc3 {[%clk 1:29:57]} b6 {[%clk 1:30:58]} 8.
cxd5 {[%clk 1:27:18]} exd5 {[%clk 1:31:13]} 9. c4 {[%clk 1:25:40]} Ba6 {[%clk
1:28:40]} 10. Qc2 {[%clk 1:20:03]} c5 {[%clk 1:21:45]} 11. Bd3 {[%clk 1:11:29]}
cxd4 {[%clk 1:07:13]} 12. Nxd4 {[%clk 1:08:13]} Qc8 {[%clk 1:06:36]} 13. cxd5
{[%clk 1:03:19]} Qxc2 {[%clk 1:06:26]} 14. Bxc2 {[%clk 1:03:38]} Nxd5 {[%clk
1:05:58]} 15. Be4 {[%clk 1:01:07]} Bc4 {[%clk 1:02:09]} 16. Nb5 {[%clk 0:54:04]}
Bxb5 {[%clk 1:00:37]} 17. Bxd5 {[%clk 0:54:19]} Bc6 {[%clk 1:01:02]} 18. Bxc6
{[%clk 0:53:39]} Nxc6 {[%clk 1:01:29]} 19. Bb2 {[%clk 0:52:35]} Rac8 {[%clk
0:58:01]} 20. Rc1 {[%clk 0:49:35]} Na5 {[%clk 0:57:02]} 21. Ke2 {[%clk 0:37:35]}
Nc4 {[%clk 0:54:01]} 22. Rc2 {[%clk 0:31:51]} Nxb2 {[%clk 0:53:17]} 23. Rxb2
{[%clk 0:32:10]} Rc3 {[%clk 0:49:16]} 24. Ra1 {[%clk 0:29:26]} Rfc8 {[%clk
0:47:04]} 25. Rd2 {[%clk 0:26:13]} Kf8 {[%clk 0:43:49]} 26. Rd7 {[%clk 0:23:49]}
a6 {[%clk 0:38:26]} 27. Rd6 {[%clk 0:22:10]} Rb3 {[%clk 0:38:36]} 28. Rd3 {[%clk
0:14:45]} Rc2+ {[%clk 0:37:55]} 29. Rd2 {[%clk 0:14:59]} Rbb2 {[%clk 0:37:50]}
30. Rd1 {[%clk 0:11:25]} Rxd2+ {[%clk 0:37:22]} 31. Rxd2 {[%clk 0:11:48]} Rxd2+
{[%clk 0:37:48]} 32. Kxd2 {[%clk 0:12:12]} Ke7 {[%clk 0:38:02]} 33. Kc3 {[%clk
0:11:02]} Kd6 {[%clk 0:36:30]} 34. Kd4 {[%clk 0:10:12]} Kc6 {[%clk 0:35:54]} 35.
e4 {[%clk 0:09:10]} Kd6 {[%clk 0:32:18]} 36. f4 {[%clk 0:07:12]} f6 {[%clk
0:28:37]} 37. g4 {[%clk 0:05:07]} g5 {[%clk 0:23:35]} 38. fxg5 {[%clk 0:02:39]}
fxg5 {[%clk 0:23:56]} 39. e5+ {[%clk 0:02:06]} Ke6 {[%clk 0:24:06]} 40. h3 {[%clk
0:31:53]} h6 {[%clk 0:54:09]} 41. Ke4 {[%clk 0:29:48]} b5 {[%clk 0:53:21]} 42.
Kd4 {[%clk 0:29:45]} a5 {[%clk 0:53:05]} 43. Kc5 {[%clk 0:29:30]} b4 {[%clk
0:52:03]} 44. axb4 {[%clk 0:29:34]} axb4 {[%clk 0:52:26]} 45. Kxb4 {[%clk
0:29:54]} Kxe5 {[%clk 0:52:48]} 46. Kc5 {[%clk 0:28:47]} Kf4 {[%clk 0:53:09]} 47.
Kd4 {[%clk 0:28:48]} Kg3 {[%clk 0:53:25]} 48. Ke4 {[%clk 0:29:01]} Kxh3 {[%clk
0:53:37]} 49. Kf3 {[%clk 0:28:50]} Kh4 {[%clk 0:53:55]} 50. Kg2 {[%clk 0:29:11]}
Kxg4 {[%clk 0:54:18]} 51. Kh2 {[%clk 0:29:34]} Kf3 {[%clk 0:54:17]} 52. Kg1
{[%clk 0:29:50]} g4 {[%clk 0:54:36]} 53. Kf1 {[%clk 0:29:51]} g3 {[%clk 0:54:52]}
54. Kg1 {[%clk 0:30:11]} g2 {[%clk 0:55:15]} 0-1

[Event "46th Greek Team Championship"]
[Site "chess24.com"]
[Date "2018.07.10"]
[Round "1"]
[White "Papakonstantinou, Dimitrios"]
[Black "Papadopoulos, Ioannis K."]
[Result "1-0"]
[Board "3"]
[WhiteElo "2336"]
[WhiteCountry "GRE"]
[WhiteFideId "4218655"]
[WhiteEloChange "12"]
[BlackElo "2410"]
[BlackTitle "GM"]
[BlackCountry "GRE"]
[BlackFideId "4207742"]
[BlackEloChange "-6"]

1. e4 {[%clk 1:30:55]} c5 {[%clk 1:30:54]} 2. Nf3 {[%clk 1:31:20]} Nc6 {[%clk
1:31:20]} 3. d4 {[%clk 1:31:46]} cxd4 {[%clk 1:31:46]} 4. Nxd4 {[%clk 1:31:58]}
Nf6 {[%clk 1:32:12]} 5. Nc3 {[%clk 1:32:23]} e5 {[%clk 1:32:36]} 6. Ndb5 {[%clk
1:32:46]} d6 {[%clk 1:32:55]} 7. Bg5 {[%clk 1:32:48]} a6 {[%clk 1:33:15]} 8. Na3
{[%clk 1:33:12]} b5 {[%clk 1:33:32]} 9. Bxf6 {[%clk 1:32:59]} gxf6 {[%clk
1:33:57]} 10. Nd5 {[%clk 1:33:24]} f5 {[%clk 1:33:51]} 11. c3 {[%clk 1:33:32]}
Bg7 {[%clk 1:33:38]} 12. Bd3 {[%clk 1:32:44]} Be6 {[%clk 1:32:50]} 13. Nxb5
{[%clk 1:31:02]} axb5 {[%clk 1:30:54]} 14. Bxb5 {[%clk 1:30:58]} Bd7 {[%clk
1:30:58]} 15. exf5 {[%clk 1:31:08]} O-O {[%clk 1:28:12]} 16. Qg4 {[%clk 1:30:05]}
Rc8 {[%clk 1:07:13]} 17. O-O {[%clk 1:26:37]} Re8 {[%clk 0:59:15]} 18. Rfe1
{[%clk 1:05:41]} e4 {[%clk 0:38:06]} 19. Bxc6 {[%clk 0:55:38]} Rxc6 {[%clk
0:37:58]} 20. Rxe4 {[%clk 0:56:03]} Re5 {[%clk 0:37:16]} 21. Rxe5 {[%clk
0:47:21]} dxe5 {[%clk 0:37:36]} 22. Rd1 {[%clk 0:46:32]} Rd6 {[%clk 0:19:32]} 23.
c4 {[%clk 0:45:14]} h6 {[%clk 0:16:15]} 24. b4 {[%clk 0:40:54]} Bc8 {[%clk
0:13:39]} 25. h3 {[%clk 0:35:02]} Kf8 {[%clk 0:05:41]} 26. a4 {[%clk 0:25:49]}
Qd7 {[%clk 0:02:33]} 27. a5 {[%clk 0:21:21]} Qa4 {[%clk 0:02:11]} 28. Kh2 {[%clk
0:12:56]} Rg6 {[%clk 0:00:40]} 29. Qh4 {[%clk 0:10:57]} Rg5 {[%clk 0:00:48]} 30.
Nc3 {[%clk 0:10:02]} Qc2 {[%clk 0:00:54]} 31. f6 {[%clk 0:08:54]} Bxf6 {[%clk
0:00:35]} 32. Qxh6+ {[%clk 0:09:05]} 1-0

[Event "46th Greek Team Championship"]
[Site "chess24.com"]
[Date "2018.07.10"]
[Round "1"]
[White "Zisiadis, Dimitrios"]
[Black "Papakonstantinou, Dimitrios 2"]
[Result "1-0"]
[Board "8"]
[WhiteElo "2075"]
[WhiteCountry "GRE"]
[WhiteFideId "4262921"]
[WhiteEloChange "9"]
[BlackElo "2028"]
[BlackCountry "GRE"]
[BlackFideId "4250990"]
[BlackEloChange "-9"]

1. Nf3 {[%clk 1:30:57]} Nf6 {[%clk 1:30:55]} 2. g3 {[%clk 1:31:21]} e6 {[%clk
1:31:17]} 3. Bg2 {[%clk 1:31:44]} Be7 {[%clk 1:31:31]} 4. O-O {[%clk 1:32:07]}
O-O {[%clk 1:31:57]} 5. d3 {[%clk 1:32:00]} d5 {[%clk 1:31:03]} 6. Nbd2 {[%clk
1:32:22]} b6 {[%clk 1:29:48]} 7. e4 {[%clk 1:31:38]} Bb7 {[%clk 1:29:54]} 8. e5
{[%clk 1:30:58]} Ne8 {[%clk 1:25:01]} 9. Re1 {[%clk 1:29:05]} c5 {[%clk 1:25:12]}
10. Nf1 {[%clk 1:27:40]} Qc8 {[%clk 1:23:33]} 11. h4 {[%clk 1:27:02]} Nc6 {[%clk
1:14:13]} 12. c3 {[%clk 1:23:46]} b5 {[%clk 1:14:16]} 13. N1h2 {[%clk 1:11:03]}
Nc7 {[%clk 1:10:15]} 14. Ng4 {[%clk 1:11:03]} b4 {[%clk 1:04:13]} 15. Bf4 {[%clk
0:52:15]} bxc3 {[%clk 1:02:56]} 16. bxc3 {[%clk 0:52:40]} Nb5 {[%clk 1:02:28]}
17. Qd2 {[%clk 0:52:06]} Rb8 {[%clk 0:51:41]} 18. h5 {[%clk 0:44:56]} Nc7 {[%clk
0:37:50]} 19. Bg5 {[%clk 0:28:35]} Ne8 {[%clk 0:30:43]} 20. Bf4 {[%clk 0:15:11]}
Ba6 {[%clk 0:30:07]} 21. Rab1 {[%clk 0:14:34]} Rb6 {[%clk 0:30:18]} 22. h6 {[%clk
0:12:07]} g6 {[%clk 0:30:30]} 23. Bh3 {[%clk 0:11:40]} Qb7 {[%clk 0:27:51]} 24.
Rxb6 {[%clk 0:10:17]} axb6 {[%clk 0:27:15]} 25. Bg5 {[%clk 0:07:58]} b5 {[%clk
0:23:02]} 26. Qf4 {[%clk 0:04:08]} b4 {[%clk 0:13:35]} 27. c4 {[%clk 0:03:35]} d4
{[%clk 0:05:13]} 28. Bxe7 {[%clk 0:02:44]} Qxe7 {[%clk 0:04:38]} 29. Ng5 {[%clk
0:02:37]} Bc8 {[%clk 0:02:08]} 30. Ne4 {[%clk 0:02:58]} Kh8 {[%clk 0:01:46]} 31.
Bg2 {[%clk 0:02:19]} Nd8 {[%clk 0:00:55]} 32. Ngf6 {[%clk 0:01:22]} Nxf6 {[%clk
0:00:38]} 33. Nxf6 {[%clk 0:01:45]} Bb7 {[%clk 0:00:43]} 34. Bxb7 {[%clk
0:00:44]} Nxb7 {[%clk 0:00:51]} 35. Qf3 {[%clk 0:00:49]} Na5 {[%clk 0:00:48]} 36.
Nd7 {[%clk 0:00:45]} Rc8 {[%clk 0:00:36]} 37. Nxc5 {[%clk 0:00:35]} Qf8 {[%clk
0:01:06]} 38. Nb3 {[%clk 0:00:39]} Nxb3 {[%clk 0:01:25]} 39. axb3 {[%clk
0:00:53]} Qxh6 {[%clk 0:01:43]} 40. Qxf7 {[%clk 0:30:53]} Rf8 {[%clk 0:30:45]}
41. Qe7 {[%clk 0:27:17]} Kg8 {[%clk 0:27:18]} 42. Qxe6+ {[%clk 0:27:30]} Kg7
{[%clk 0:27:25]} 43. Qe7+ {[%clk 0:27:03]} Rf7 {[%clk 0:26:45]} 44. Qxb4 {[%clk
0:25:31]} 1-0

[Event "46th Greek Team Championship"]
[Site "chess24.com"]
[Date "2018.07.10"]
[Round "1"]
[White "Georgiev, Krum"]
[Black "Dorfanis, Ilarion"]
[Result "1-0"]
[Board "4"]
[WhiteElo "2330"]
[WhiteTitle "GM"]
[WhiteCountry "FID"]
[WhiteFideId "2900092"]
[WhiteEloChange "6"]
[BlackElo "2179"]
[BlackCountry "GRE"]
[BlackFideId "4204298"]
[BlackEloChange "-6"]

1. Nf3 {[%clk 1:30:55]} d5 {[%clk 1:30:33]} 2. g3 {[%clk 1:31:15]} g6 {[%clk
1:28:04]} 3. Bg2 {[%clk 1:27:24]} Bg7 {[%clk 1:28:25]} 4. O-O {[%clk 1:23:59]} e5
{[%clk 1:27:52]} 5. d3 {[%clk 1:24:13]} Ne7 {[%clk 1:27:24]} 6. Nbd2 {[%clk
1:24:03]} O-O {[%clk 1:27:08]} 7. e4 {[%clk 1:21:19]} d4 {[%clk 1:22:12]} 8. Nc4
{[%clk 1:17:38]} Nbc6 {[%clk 1:22:26]} 9. a4 {[%clk 1:17:52]} Be6 {[%clk
1:17:05]} 10. Ng5 {[%clk 1:10:37]} Bd7 {[%clk 1:07:31]} 11. Bd2 {[%clk 0:49:23]}
f6 {[%clk 0:58:11]} 12. Nf3 {[%clk 0:49:32]} a6 {[%clk 0:51:22]} 13. b4 {[%clk
0:35:17]} b5 {[%clk 0:48:10]} 14. axb5 {[%clk 0:35:38]} axb5 {[%clk 0:48:31]} 15.
Na3 {[%clk 0:36:01]} Qb8 {[%clk 0:45:48]} 16. c3 {[%clk 0:36:08]} Be6 {[%clk
0:32:38]} 17. cxd4 {[%clk 0:22:22]} exd4 {[%clk 0:32:31]} 18. e5 {[%clk 0:20:28]}
fxe5 {[%clk 0:15:29]} 19. Ng5 {[%clk 0:20:46]} Bd5 {[%clk 0:13:41]} 20. Bxd5+
{[%clk 0:05:42]} Nxd5 {[%clk 0:14:07]} 21. Qb3 {[%clk 0:05:51]} Ne7 {[%clk
0:14:18]} 22. Ne6 {[%clk 0:06:08]} Rf5 {[%clk 0:14:18]} 23. Rfc1 {[%clk 0:01:19]}
c6 {[%clk 0:07:59]} 24. Rxc6 {[%clk 0:01:42]} Nxc6 {[%clk 0:07:37]} 25. Qxd5
{[%clk 0:02:09]} Ne7 {[%clk 0:07:36]} 26. Qb3 {[%clk 0:02:36]} Kh8 {[%clk
0:06:30]} 27. Rc1 {[%clk 0:02:57]} Ra6 {[%clk 0:03:41]} 28. Ng5 {[%clk 0:03:08]}
h6 {[%clk 0:02:17]} 29. Ne4 {[%clk 0:03:33]} Qa8 {[%clk 0:00:34]} 30. Nxb5 {[%clk
0:03:48]} Ra1 {[%clk 0:00:39]} 31. Rxa1 {[%clk 0:03:00]} Qxa1+ {[%clk 0:01:06]}
32. Kg2 {[%clk 0:03:28]} Kh7 {[%clk 0:00:50]} 33. Nbd6 {[%clk 0:01:45]} Qa8
{[%clk 0:00:39]} 34. Qe6 {[%clk 0:01:55]} Nd5 {[%clk 0:00:34]} 35. Nxf5 {[%clk
0:02:10]} gxf5 {[%clk 0:00:47]} 36. Qxf5+ {[%clk 0:02:37]} Kh8 {[%clk 0:00:57]}
37. Qg6 {[%clk 0:02:46]} Nc3 {[%clk 0:00:32]} 38. Bxh6 {[%clk 0:02:59]} 1-0

[Event "46th Greek Team Championship"]
[Site "chess24.com"]
[Date "2018.07.10"]
[Round "1"]
[White "Vlachos, Anatole"]
[Black "Abelakiotis, Stavros"]
[Result "1-0"]
[Board "9"]
[WhiteElo "2428"]
[WhiteTitle "FM"]
[WhiteCountry "GRE"]
[WhiteFideId "26093189"]
[WhiteEloChange "1"]
[BlackElo "2029"]
[BlackCountry "GRE"]
[BlackFideId "4292650"]
[BlackEloChange "-2"]

1. Nf3 {[%clk 1:30:53]} c5 {[%clk 1:30:16]} 2. g3 {[%clk 1:31:17]} b6 {[%clk
1:29:58]} 3. Bg2 {[%clk 1:31:44]} Bb7 {[%clk 1:30:19]} 4. O-O {[%clk 1:32:07]}
Nf6 {[%clk 1:30:14]} 5. c4 {[%clk 1:32:23]} e6 {[%clk 1:30:22]} 6. b3 {[%clk
1:31:53]} Be7 {[%clk 1:29:54]} 7. Bb2 {[%clk 1:32:16]} O-O {[%clk 1:29:49]} 8.
Nc3 {[%clk 1:32:04]} d5 {[%clk 1:23:27]} 9. Ne5 {[%clk 1:11:18]} Nbd7 {[%clk
1:00:32]} 10. d4 {[%clk 1:11:31]} cxd4 {[%clk 0:54:31]} 11. Qxd4 {[%clk 1:11:44]}
Bc5 {[%clk 0:38:02]} 12. Qf4 {[%clk 1:11:35]} Bd6 {[%clk 0:34:36]} 13. Nxf7
{[%clk 1:09:12]} Bxf4 {[%clk 0:30:29]} 14. Nxd8 {[%clk 1:09:30]} Raxd8 {[%clk
0:28:43]} 15. gxf4 {[%clk 1:09:58]} Nc5 {[%clk 0:24:05]} 16. b4 {[%clk 1:05:09]}
Nce4 {[%clk 0:23:49]} 17. Nxe4 {[%clk 1:02:54]} Nxe4 {[%clk 0:23:21]} 18. cxd5
{[%clk 0:53:06]} Bxd5 {[%clk 0:18:04]} 19. e3 {[%clk 0:53:17]} Rc8 {[%clk
0:13:35]} 20. Rac1 {[%clk 0:45:56]} Nf6 {[%clk 0:10:30]} 21. Bxf6 {[%clk
0:41:00]} Bxg2 {[%clk 0:08:39]} 22. Kxg2 {[%clk 0:41:22]} gxf6 {[%clk 0:09:00]}
23. Rfd1 {[%clk 0:41:46]} Rxc1 {[%clk 0:07:05]} 24. Rxc1 {[%clk 0:42:14]} Rf7
{[%clk 0:07:21]} 25. Rc6 {[%clk 0:41:15]} Re7 {[%clk 0:05:48]} 26. f5 {[%clk
0:41:03]} exf5 {[%clk 0:06:07]} 27. Rxf6 {[%clk 0:41:22]} Re5 {[%clk 0:05:59]}
28. Kf3 {[%clk 0:39:41]} Kg7 {[%clk 0:05:18]} 29. Rc6 {[%clk 0:39:17]} Rb5 {[%clk
0:05:25]} 30. a3 {[%clk 0:38:13]} a5 {[%clk 0:03:15]} 31. Kf4 {[%clk 0:35:45]}
axb4 {[%clk 0:03:32]} 32. axb4 {[%clk 0:36:14]} Rxb4+ {[%clk 0:00:46]} 33. Kxf5
{[%clk 0:36:27]} Rb2 {[%clk 0:00:53]} 34. f4 {[%clk 0:36:36]} b5 {[%clk 0:00:37]}
35. Rc7+ {[%clk 0:33:08]} Kh6 {[%clk 0:00:53]} 36. e4 {[%clk 0:32:54]} Rxh2
{[%clk 0:00:33]} 37. e5 {[%clk 0:33:22]} b4 {[%clk 0:00:36]} 38. Rb7 {[%clk
0:31:50]} Rb2 {[%clk 0:00:32]} 39. e6 {[%clk 0:32:10]} b3 {[%clk 0:00:38]} 40. e7
{[%clk 1:02:23]} Re2 {[%clk 0:30:36]} 41. Kf6 {[%clk 1:02:44]} b2 {[%clk
0:26:45]} 42. Kf7 {[%clk 1:00:40]} Kh5 {[%clk 0:24:47]} 43. e8Q {[%clk 1:00:48]}
Rxe8 {[%clk 0:25:08]} 44. Kxe8 {[%clk 1:01:15]} Kg4 {[%clk 0:25:29]} 45. Rxb2
{[%clk 1:01:40]} 1-0

[Event "46th Greek Team Championship"]
[Site "chess24.com"]
[Date "2018.07.10"]
[Round "1"]
[White "Vozinaki, Anthi - Maria"]
[Black "Liapi Zenebisi, Irini"]
[Result "0-1"]
[Board "6"]
[WhiteElo "1971"]
[WhiteCountry "GRE"]
[WhiteFideId "4263898"]
[WhiteEloChange "-15"]
[BlackElo "1788"]
[BlackCountry "GRE"]
[BlackFideId "4234120"]
[BlackEloChange "15"]

1. e4 {[%clk 1:30:57]} c5 {[%clk 1:30:57]} 2. Nf3 {[%clk 1:31:20]} Nc6 {[%clk
1:31:23]} 3. d4 {[%clk 1:31:33]} cxd4 {[%clk 1:31:49]} 4. Nxd4 {[%clk 1:31:58]}
Nf6 {[%clk 1:32:16]} 5. Nc3 {[%clk 1:32:19]} e6 {[%clk 1:32:44]} 6. Ndb5 {[%clk
1:30:47]} Bb4 {[%clk 1:32:59]} 7. a3 {[%clk 1:29:02]} Bxc3+ {[%clk 1:33:21]} 8.
Nxc3 {[%clk 1:29:25]} d5 {[%clk 1:33:01]} 9. exd5 {[%clk 1:28:53]} exd5 {[%clk
1:33:25]} 10. Bd3 {[%clk 1:27:02]} O-O {[%clk 1:33:10]} 11. O-O {[%clk 1:19:30]}
d4 {[%clk 1:27:44]} 12. Ne2 {[%clk 1:18:01]} Bg4 {[%clk 1:17:24]} 13. f3 {[%clk
1:07:24]} Bh5 {[%clk 1:16:06]} 14. Bg5 {[%clk 1:01:53]} Bg6 {[%clk 1:10:23]} 15.
Kh1 {[%clk 0:51:01]} Re8 {[%clk 0:54:50]} 16. Bxg6 {[%clk 0:47:26]} hxg6 {[%clk
0:55:11]} 17. Qd2 {[%clk 0:44:17]} Qb6 {[%clk 0:52:16]} 18. Rfd1 {[%clk 0:37:59]}
Rad8 {[%clk 0:40:31]} 19. Ng3 {[%clk 0:25:32]} Ne5 {[%clk 0:26:27]} 20. Qb4
{[%clk 0:14:30]} Qxb4 {[%clk 0:20:55]} 21. axb4 {[%clk 0:14:55]} a6 {[%clk
0:20:55]} 22. Bxf6 {[%clk 0:14:55]} gxf6 {[%clk 0:20:55]} 23. Ne4 {[%clk
0:14:55]} Kg7 {[%clk 0:20:55]} 24. Nc5 {[%clk 0:14:55]} Re7 {[%clk 0:20:55]} 25.
Re1 {[%clk 0:14:55]} Rc7 {[%clk 0:20:55]} 26. f4 {[%clk 0:14:55]} Nc4 {[%clk
0:20:55]} 27. b3 {[%clk 0:14:55]} Ne3 {[%clk 0:20:55]} 28. Re2 {[%clk 0:14:55]}
Nd5 {[%clk 0:20:55]} 29. Nd3 {[%clk 0:14:55]} Rdc8 {[%clk 0:20:55]} 30. Ra5
{[%clk 0:14:55]} Ne3 {[%clk 0:20:55]} 31. c4 {[%clk 0:14:55]} dxc3 {[%clk
0:20:55]} 32. Rxe3 {[%clk 0:14:55]} c2 {[%clk 0:20:55]} 33. Rc5 {[%clk 0:14:55]}
Rxc5 {[%clk 0:20:55]} 34. bxc5 {[%clk 0:14:55]} Rd8 {[%clk 0:20:55]} 35. Re2
{[%clk 0:14:55]} c1Q+ {[%clk 0:04:08]} 0-1

[Event "46th Greek Team Championship"]
[Site "chess24.com"]
[Date "2018.07.10"]
[Round "1"]
[White "Trimitzios, Petros"]
[Black "Grivas, Efstratios"]
[Result "0-1"]
[Board "2"]
[WhiteElo "2300"]
[WhiteTitle "FM"]
[WhiteCountry "GRE"]
[WhiteFideId "25808796"]
[WhiteEloChange "-6"]
[BlackElo "2431"]
[BlackTitle "GM"]
[BlackCountry "GRE"]
[BlackFideId "4200039"]
[BlackEloChange "3"]

1. Nf3 {[%clk 1:30:54]} d6 {[%clk 1:30:34]} 2. d4 {[%clk 1:30:30]} f5 {[%clk
1:28:48]} 3. c4 {[%clk 1:29:23]} Nf6 {[%clk 1:29:04]} 4. g3 {[%clk 1:29:03]} g6
{[%clk 1:29:20]} 5. Bg2 {[%clk 1:29:08]} Bg7 {[%clk 1:29:39]} 6. O-O {[%clk
1:29:28]} O-O {[%clk 1:29:59]} 7. Nc3 {[%clk 1:29:45]} Qe8 {[%clk 1:28:02]} 8. d5
{[%clk 1:27:25]} Na6 {[%clk 1:18:59]} 9. Nd4 {[%clk 1:09:25]} Bd7 {[%clk
1:18:10]} 10. Rb1 {[%clk 1:01:47]} c6 {[%clk 1:13:01]} 11. b3 {[%clk 0:52:14]}
Nc7 {[%clk 1:11:29]} 12. Bb2 {[%clk 0:50:05]} c5 {[%clk 1:09:21]} 13. Nc2 {[%clk
0:45:37]} a6 {[%clk 1:07:33]} 14. e4 {[%clk 0:38:35]} f4 {[%clk 0:55:26]} 15.
gxf4 {[%clk 0:24:25]} Nh5 {[%clk 0:55:04]} 16. Ne2 {[%clk 0:24:43]} Nxf4 {[%clk
0:53:30]} 17. Nxf4 {[%clk 0:24:23]} Rxf4 {[%clk 0:53:56]} 18. Bxg7 {[%clk
0:24:43]} Kxg7 {[%clk 0:54:19]} 19. Ne1 {[%clk 0:24:47]} e5 {[%clk 0:50:40]} 20.
Nd3 {[%clk 0:24:42]} Rf7 {[%clk 0:50:32]} 21. Qd2 {[%clk 0:24:55]} Qe7 {[%clk
0:49:12]} 22. f4 {[%clk 0:23:56]} exf4 {[%clk 0:49:20]} 23. Rxf4 {[%clk 0:23:12]}
Rxf4 {[%clk 0:48:26]} 24. Qxf4 {[%clk 0:23:40]} Rf8 {[%clk 0:47:47]} 25. Qg3
{[%clk 0:24:01]} Ne8 {[%clk 0:46:16]} 26. Re1 {[%clk 0:21:45]} b6 {[%clk
0:39:45]} 27. e5 {[%clk 0:20:52]} Bf5 {[%clk 0:39:04]} 28. Nf4 {[%clk 0:18:09]}
Kg8 {[%clk 0:32:43]} 29. Ne6 {[%clk 0:13:10]} Bxe6 {[%clk 0:31:31]} 30. exd6
{[%clk 0:13:22]} Nxd6 {[%clk 0:30:19]} 31. Rxe6 {[%clk 0:13:42]} Qg7 {[%clk
0:30:45]} 32. Qe5 {[%clk 0:10:05]} Qxe5 {[%clk 0:30:03]} 33. Rxe5 {[%clk
0:10:30]} Re8 {[%clk 0:30:01]} 34. Rxe8+ {[%clk 0:09:58]} Nxe8 {[%clk 0:30:22]}
35. Kf2 {[%clk 0:10:26]} Kf7 {[%clk 0:30:42]} 36. Ke3 {[%clk 0:10:34]} Kf6 {[%clk
0:30:31]} 37. Ke4 {[%clk 0:06:46]} Nd6+ {[%clk 0:30:39]} 38. Kf4 {[%clk 0:06:43]}
g5+ {[%clk 0:30:57]} 39. Kg4 {[%clk 0:05:40]} Kg6 {[%clk 0:31:12]} 40. Kf3 {[%clk
0:34:52]} h5 {[%clk 1:00:58]} 41. Bf1 {[%clk 0:34:02]} Kf6 {[%clk 0:54:07]} 42.
Bd3 {[%clk 0:32:29]} Nf7 {[%clk 0:48:42]} 43. Ke4 {[%clk 0:31:25]} Nd6+ {[%clk
0:22:15]} 44. Kf3 {[%clk 0:31:29]} b5 {[%clk 0:18:05]} 45. cxb5 {[%clk 0:28:42]}
axb5 {[%clk 0:18:14]} 46. a4 {[%clk 0:28:51]} bxa4 {[%clk 0:18:25]} 47. bxa4
{[%clk 0:29:18]} c4 {[%clk 0:18:15]} 48. Bc2 {[%clk 0:28:54]} Ke5 {[%clk
0:16:53]} 49. a5 {[%clk 0:28:07]} Kxd5 {[%clk 0:16:51]} 50. a6 {[%clk 0:28:28]}
Kc6 {[%clk 0:17:06]} 51. Bg6 {[%clk 0:28:48]} c3 {[%clk 0:16:25]} 52. Ke3 {[%clk
0:29:06]} h4 {[%clk 0:16:14]} 53. Kd3 {[%clk 0:29:27]} g4 {[%clk 0:15:42]} 54.
Bh5 {[%clk 0:29:01]} Ne4 {[%clk 0:15:31]} 55. Be8+ {[%clk 0:25:45]} Kb6 {[%clk
0:14:03]} 56. a7 {[%clk 0:26:08]} Kxa7 {[%clk 0:14:24]} 57. Bc6 {[%clk 0:26:30]}
Nd2 {[%clk 0:11:59]} 58. Kxc3 {[%clk 0:26:31]} Nf1 {[%clk 0:12:20]} 59. h3 {[%clk
0:26:56]} gxh3 {[%clk 0:11:14]} 60. Kd3 {[%clk 0:27:19]} Kb6 {[%clk 0:11:24]} 61.
Ba8 {[%clk 0:26:48]} h2 {[%clk 0:09:09]} 62. Ke2 {[%clk 0:20:14]} Ng3+ {[%clk
0:09:09]} 63. Kf2 {[%clk 0:20:12]} h1Q {[%clk 0:09:08]} 64. Bxh1 {[%clk 0:20:37]}
Nxh1+ {[%clk 0:09:31]} 65. Kf3 {[%clk 0:20:29]} Ng3 {[%clk 0:09:53]} 66. Kg4
{[%clk 0:20:53]} Nf5 {[%clk 0:10:17]} 0-1